[Event "AUT-ch Zwisch Internet"]
[Site "Playchess.com INT"]
[Date "2020.05.02"]
[Round "5"]
[White "Doskocil, Klaus"]
[Black "Juenger, Heinz"]
[Result "0-1"]
[WhiteElo "2157"]
[BlackElo "2165"]
[PlyCount "108"]
[EventDate "2020.05.02"]
[EventType "swiss (blitz)"]
[EventRounds "13"]
[EventCountry "AUT"]
[SourceTitle "CBM 195 Extra"]
[Source "ChessBase"]
[SourceDate "2020.05.31"]
[SourceVersion "1"]
[SourceVersionDate "2020.05.31"]
[SourceQuality "1"]

1. e4 e5 2. Nf3 Nc6 3. Bb5 a6 4. Ba4 Nf6 5. 0-0 Be7 6. Re1 b5 7. Bb3 d6 8. c3 0-0 9. h3 Nb8 10. d4 Nbd7 11. Nbd2 Bb7 12. Bc2 Re8 13. Nf1 Bf8 14. Ng3 g6 15. Nh2 Bg7 16. f4 exf4 17. Bxf4 Nb6 18. b3 c5 19. d5 c4 20. b4 Nfd7 21. Qf3 Ne5 22. Bxe5 Bxe5 23. Rf1 Rf8 24. Ng4 Bg7 25. Rae1 Nd7 26. Kh1 Qe7 27. Ne2 Rae8 28. Nd4 Ne5 29. Nxe5 Bxe5 30. Re2 Qh4 31. Nc6 Bxc6 32. dxc6 Rc8 33. Qf2 Qxf2 34. Rexf2 Bxc3 35. a3 Rxc6 36. Rb1 Rcc8 37. Re2 Rcd8 38. g4 h6 39. Kg2 Kg7 40. Rf1 Rfe8 41. Rf3 Be5 42. Rd2 Ra8 43. Rd5 Reb8 44. h4 a5 45. h5 axb4 46. axb4 Ra2 47. Rf2 Rb2 48. hxg6 fxg6 49. Rd1 Ra8 50. Rdf1 Ra7 51. Kh3 Rxb4 52. Rf8 Rb2 53. R1f2 Rxc2 54. Rxc2 Kxf8 0-1

[Event "AUT-ch Zwisch Internet"]
[Site "Playchess.com INT"]
[Date "2020.05.02"]
[Round "11"]
[White "Juenger, Heinz"]
[Black "Iro, Christian"]
[Result "1/2-1/2"]
[WhiteElo "2165"]
[BlackElo "2081"]
[PlyCount "125"]
[EventDate "2020.05.02"]
[EventType "swiss (blitz)"]
[EventRounds "13"]
[EventCountry "AUT"]
[SourceTitle "CBM 195 Extra"]
[Source "ChessBase"]
[SourceDate "2020.05.31"]
[SourceVersion "1"]
[SourceVersionDate "2020.05.31"]
[SourceQuality "1"]

1. e4 c6 2. d4 d5 3. Nd2 dxe4 4. Nxe4 Bf5 5. Ng3 Bg6 6. h4 h6 7. Nf3 Nd7 8. h5 Bh7 9. Bd3 Bxd3 10. Qxd3 e6 11. Bd2 Ngf6 12. 0-0-0 Be7 13. Kb1 0-0 14. Ne4 Nxe4 15. Qxe4 Nf6 16. Qe2 Qd5 17. c4 Qe4+ 18. Qxe4 Nxe4 19. Be3 Rfd8 20. Ne5 c5 21. dxc5 Bxc5 22. Bxc5 Nxc5 23. f3 Kf8 24. Kc2 Ke7 25. b4 Na6 26. Kb3 Nc7 27. a3 Ne8 28. c5 Nf6 29. g4 Rd5 30. Rxd5 Nxd5 31. Rd1 a6 32. a4 Rc8 33. Rc1 f6 34. Nc4 Rc7 35. Rc2 Kd7 36. Rd2 Ke7 37. Re2 Kd7 38. Rd2 Ke7 39. Rd3 Kf7 40. Nd6+ Ke7 41. Ne4 Kf7 42. b5 Ke7 43. Kc4 Nb6+ 44. Kb4 Nd5+ 45. Ka5 axb5 46. axb5 Rc8 47. b6 Ra8+ 48. Kb5 Ra1 49. Rb3 Ra8 50. Nd6 Rb8 51. Nc4 Kd7 52. Na5 e5 53. Rd3 Ke6 54. Kc4 Ra8 55. Rxd5 Rxa5 56. Rd6+ Ke7 57. Rd3 Ra4+ 58. Kd5 Rb4 59. Rd1 Kd7 60. Rd3 Ke7 61. Rd1 Kd7 62. Rd2 Ke7 63. Rd1 1/2-1/2

[Event "AUT-ch Zwisch Internet"]
[Site "Playchess.com INT"]
[Date "2020.05.02"]
[Round "6"]
[White "Juenger, Heinz"]
[Black "Peyrer, Konstantin"]
[Result "0-1"]
[WhiteElo "2165"]
[BlackElo "2265"]
[PlyCount "54"]
[EventDate "2020.05.02"]
[EventType "swiss (blitz)"]
[EventRounds "13"]
[EventCountry "AUT"]
[SourceTitle "CBM 195 Extra"]
[Source "ChessBase"]
[SourceDate "2020.05.31"]
[SourceVersion "1"]
[SourceVersionDate "2020.05.31"]
[SourceQuality "1"]

1. e4 e6 2. d4 a6 3. Nf3 d5 4. exd5 exd5 5. Bd3 Nf6 6. 0-0 Be7 7. Bg5 0-0 8. Nbd2 h6 9. Bh4 Nbd7 10. Re1 b5 11. a4 b4 12. a5 Bb7 13. Nb3 Ne4 14. Bxe7 Qxe7 15. Nfd2 f5 16. f3 Qh4 17. fxe4 fxe4 18. Bf1 Rf7 19. g3 Qg5 20. Qe2 Raf8 21. Qe3 Qg6 22. Be2 Nf6 23. Rf1 Bc8 24. Nc5 h5 25. Nxa6 Bxa6 26. Bxa6 Ng4 27. Qb3 e3 0-1

[Event "AUT-ch Vor4 Internet"]
[Site "Playchess.com INT"]
[Date "2020.04.25"]
[Round "4"]
[White "Juenger, Heinz"]
[Black "Wiedermann, Daniel"]
[Result "1-0"]
[WhiteElo "2165"]
[BlackElo "2048"]
[PlyCount "57"]
[EventDate "2020.04.25"]
[EventType "swiss (blitz)"]
[EventRounds "9"]
[EventCountry "AUT"]
[SourceTitle "EXT 2021"]
[Source "ChessBase"]
[SourceDate "2020.10.23"]
[SourceVersion "1"]
[SourceVersionDate "2020.10.23"]
[SourceQuality "1"]

1. e4 c6 2. d4 d5 3. exd5 cxd5 4. Bd3 Nc6 5. c3 g6 6. h3 Bf5 7. Be2 Bg7 8. Nf3 Nf6 9. 0-0 0-0 10. Bf4 Rc8 11. Nbd2 Ne4 12. Re1 Nxd2 13. Qxd2 Re8 14. Bb5 Qb6 15. Bxc6 bxc6 16. b4 a5 17. a3 Bf6 18. Be5 Kg7 19. Re3 axb4 20. axb4 Ra8 21. Rae1 Red8 22. Ng5 h6 23. Bxf6+ exf6 24. Nxf7 Be4 25. Nxd8 Qxd8 26. f3 Bf5 27. Re7+ Kg8 28. Qxh6 g5 29. Qg7# 1-0

[Event "AUT-ch Vor4 Internet"]
[Site "Playchess.com INT"]
[Date "2020.04.25"]
[Round "6"]
[White "Katter, Katharina"]
[Black "Juenger, Heinz"]
[Result "1/2-1/2"]
[WhiteElo "1930"]
[BlackElo "2165"]
[PlyCount "95"]
[EventDate "2020.04.25"]
[EventType "swiss (blitz)"]
[EventRounds "9"]
[EventCountry "AUT"]
[SourceTitle "EXT 2021"]
[Source "ChessBase"]
[SourceDate "2020.10.23"]
[SourceVersion "1"]
[SourceVersionDate "2020.10.23"]
[SourceQuality "1"]

1. d4 Nf6 2. Nf3 g6 3. e3 Bg7 4. b3 0-0 5. Bb2 d5 6. Bd3 c6 7. 0-0 a5 8. c4 a4 9. bxa4 Qa5 10. Nc3 Bg4 11. h3 Bxf3 12. Qxf3 Qb4 13. Qe2 Na6 14. Rab1 Qa5 15. cxd5 Nxd5 16. Nxd5 cxd5 17. Bb5 Nc7 18. a3 Nxb5 19. Qxb5 e6 20. Rfc1 Qxa4 21. Qxa4 Rxa4 22. Rc7 Rb8 23. Rbc1 Bf8 24. Rc8 Rxc8 25. Rxc8 Kg7 26. Rc7 b5 27. Rb7 Ra5 28. Kh2 h5 29. Kg3 Bd6+ 30. Kf3 Kf6 31. Rb6 Be7 32. Rb7 Bd6 33. Rb6 Bf8 34. Rb8 Kg7 35. Rb7 Bd6 36. Rb6 Bf8 37. Rb7 g5 38. g4 h4 39. Kg2 Kg6 40. Rb8 Bd6 41. Rb6 Be7 42. Rb7 Kf6 43. Rb6 Kg6 44. Rb7 Bd6 45. Rb6 Bf8 46. Rb8 Kg7 47. Rb7 Kg6 48. Rb8 1/2-1/2

[Event "AUT-ch Vor3 Internet"]
[Site "Playchess.com INT"]
[Date "2020.04.17"]
[Round "8"]
[White "Juenger, Heinz"]
[Black "Kozissnik, Christian"]
[Result "1-0"]
[WhiteElo "2165"]
[BlackElo "2023"]
[PlyCount "135"]
[EventDate "2020.04.17"]
[EventType "swiss (blitz)"]
[EventRounds "9"]
[EventCountry "AUT"]
[SourceTitle "CBM 195 Extra"]
[Source "ChessBase"]
[SourceDate "2020.05.31"]
[SourceVersion "1"]
[SourceVersionDate "2020.05.31"]
[SourceQuality "1"]

1. e4 e6 2. d4 d5 3. exd5 exd5 4. Nf3 Nf6 5. Bd3 g6 6. 0-0 Bg7 7. Re1+ Be6 8. Ng5 Qd7 9. Nxe6 fxe6 10. Qe2 Kf7 11. Nd2 Re8 12. Nf3 Kg8 13. Bf4 Nc6 14. c3 Re7 15. Bg5 Rae8 16. Ne5 Qd6 17. Bb5 Rf8 18. Bxc6 bxc6 19. h3 Ree8 20. f3 Nd7 21. Nxd7 Qxd7 22. Qa6 e5 23. dxe5 Rxe5 24. Rxe5 Bxe5 25. Re1 Qf5 26. Qe2 Re8 27. Qd2 Kf7 28. Be3 Bd6 29. Bd4 Bf4 30. Qd1 Rb8 31. Qe2 Qd7 32. b4 Bd6 33. Bxa7 Ra8 34. Bd4 Rd8 35. a4 Bg3 36. Ra1 Re8 37. Qd2 Bd6 38. Re1 Rxe1+ 39. Qxe1 Qf5 40. Kf2 Qc2+ 41. Qe2 Qxa4 42. Qd2 Qb3 43. g3 Qc4 44. Qe2 Qb3 45. f4 Qb1 46. Kf3 Qf5 47. Kg2 Qe4+ 48. Qxe4 dxe4 49. Kf2 Ke6 50. Ke3 Kd5 51. Bf6 c5 52. bxc5 Bxc5+ 53. Bd4 Bd6 54. Bg7 Bc5+ 55. Bd4 Bxd4+ 56. cxd4 c6 57. g4 h6 58. h4 h5 59. g5 Kd6 60. Kxe4 Ke6 61. f5+ gxf5+ 62. Kf4 Kd5 63. g6 Ke6 64. Kg5 f4 65. Kh6 f3 66. g7 f2 67. g8Q+ Ke7 68. Qg2 1-0

[Event "AUT-ch Vor3 Internet"]
[Site "Playchess.com INT"]
[Date "2020.04.17"]
[Round "4"]
[White "Juenger, Heinz"]
[Black "Ragger, Markus"]
[Result "0-1"]
[WhiteElo "2165"]
[BlackElo "2679"]
[PlyCount "124"]
[EventDate "2020.04.17"]
[EventType "swiss (blitz)"]
[EventRounds "9"]
[EventCountry "AUT"]
[SourceTitle "CBM 195 Extra"]
[Source "ChessBase"]
[SourceDate "2020.05.31"]
[SourceVersion "1"]
[SourceVersionDate "2020.05.31"]
[SourceQuality "1"]

1. e4 e5 2. Nf3 Nc6 3. Nc3 Nf6 4. d4 exd4 5. Nxd4 Bc5 6. Be3 Bb6 7. Qd2 Ng4 8. Nxc6 dxc6 9. Qxd8+ Kxd8 10. Bxb6 axb6 11. h3 Ne5 12. f4 Ng6 13. g3 b5 14. a3 Ke7 15. Rd1 f6 16. Kf2 Nf8 17. Be2 Nd7 18. Bg4 Nb6 19. Be2 Be6 20. h4 Nc4 21. Bxc4 bxc4 22. Kf3 h5 23. f5 Bf7 24. Rd2 Rhd8 25. Rhd1 Rxd2 26. Rxd2 b5 27. Kf4 Rb8 28. e5 fxe5+ 29. Kxe5 b4 30. axb4 Rxb4 31. Nd1 Rb5+ 32. Kf4 Kf6 33. Ne3 Rxb2 34. Rd7 c3 35. Rxc7 Rb4+ 36. Kf3 Bd5+ 37. Nxd5+ cxd5 38. Rxc3 Kxf5 39. Rc7 g6 40. Rf7+ Ke6 41. Rg7 Rg4 42. Rg8 Kd6 43. Rc8 Ke5 44. Re8+ Kd4 45. Rc8 Re4 46. Rg8 Re6 47. Rc8 Rf6+ 48. Ke2 Ke4 49. Re8+ Kf5 50. Ke3 Kg4 51. Rd8 Kxg3 52. Rxd5 Kxh4 53. c4 g5 54. c5 g4 55. Rd6 Rf1 56. Ke2 Rc1 57. c6 g3 58. Kf3 Kh3 59. Rg6 h4 60. Ke2 g2 61. Kf2 Rf1+ 62. Ke2 g1Q 0-1

[Event "AUT-ch Vor1 Internet"]
[Site "Playchess.com INT"]
[Date "2020.04.11"]
[Round "7"]
[White "Juenger, Heinz"]
[Black "Charaus, Florian"]
[Result "0-1"]
[WhiteElo "2165"]
[BlackElo "2055"]
[PlyCount "62"]
[EventDate "2020.04.11"]
[EventType "swiss (blitz)"]
[EventRounds "9"]
[EventCountry "AUT"]
[SourceTitle "CBM 195 Extra"]
[Source "ChessBase"]
[SourceDate "2020.05.31"]
[SourceVersion "1"]
[SourceVersionDate "2020.05.31"]
[SourceQuality "1"]

1. e4 c6 2. Nf3 d5 3. Nc3 Bg4 4. h3 Bxf3 5. Qxf3 e6 6. Be2 Nd7 7. d4 Qf6 8. Be3 Bb4 9. 0-0 Ne7 10. Rad1 0-0 11. Qg3 Qg6 12. Qc7 Rad8 13. Qxb7 Bxc3 14. bxc3 dxe4 15. Qxa7 Nf5 16. Bf4 Nf6 17. Be5 Nd5 18. c4 Nc3 19. Rde1 h5 20. Qa3 Nh4 21. Bg3 Nxe2+ 22. Rxe2 Nf5 23. Be5 Nxd4 24. Bxd4 Rxd4 25. Qc3 c5 26. a4 Ra8 27. a5 e5 28. f3 exf3 29. Rxf3 Qe6 30. Qe3 f6 31. Qa3 Qxc4 0-1

[Event "AUT-chT2O 1920"]
[Site "Austria"]
[Date "2019.10.20"]
[Round "2.4"]
[White "Juenger, Heinz"]
[Black "Morgunov, Daniel"]
[Result "1/2-1/2"]
[WhiteElo "2175"]
[BlackElo "2337"]
[PlyCount "84"]
[EventDate "2019.10.19"]
[EventType "team-tourn"]
[EventRounds "11"]
[EventCountry "AUT"]
[SourceTitle "CBM 192 Extra"]
[Source "Chessbase"]
[SourceDate "2019.11.06"]
[SourceVersion "1"]
[SourceVersionDate "2019.11.06"]
[SourceQuality "1"]
[WhiteTeam "Baden Invest"]
[BlackTeam "Tschaturanga"]
[WhiteTeamCountry "AUT"]
[BlackTeamCountry "AUT"]

1. e4 c5 2. Nf3 d6 3. Bb5+ Nd7 4. c3 Ngf6 5. Qe2 a6 6. Ba4 b5 7. Bc2 Bb7 8. d4 e5 9. 0-0 Be7 10. Rd1 Qc7 11. d5 0-0 12. Nbd2 Rfe8 13. Nf1 Bf8 14. Ng3 g6 15. h3 c4 16. Nh2 Bc8 17. Ng4 Nxg4 18. hxg4 Bg7 19. Be3 a5 20. f3 Nc5 21. b3 Ba6 22. bxc4 bxc4 23. Rab1 Reb8 24. Qf1 Nd3 25. Rxb8+ Rxb8 26. Rb1 Bf6 27. Rxb8+ Qxb8 28. Qb1 Nb2 29. Kf1 Bh4 30. Ne2 Qb5 31. Bc1 Qc5 32. g3 Nd3 33. Qb8+ Bc8 34. Bxd3 cxd3 35. gxh4 dxe2+ 36. Kxe2 Kg7 37. Be3 Qc4+ 38. Kf2 Qxa2+ 39. Kg3 Qe2 40. Qxc8 Qxe3 41. Qd8 Qf4+ 42. Kg2 Qd2+ 1/2-1/2

[Event "AUT-chT2O 1819"]
[Site "Austria"]
[Date "2018.12.01"]
[Round "5.2"]
[White "Hangweyrer, Manfred"]
[Black "Juenger, Heinz"]
[Result "1/2-1/2"]
[WhiteElo "2351"]
[BlackElo "2141"]
[PlyCount "63"]
[EventDate "2018.10.06"]
[EventType "team-tourn"]
[EventRounds "11"]
[EventCountry "AUT"]
[SourceTitle "CBM 187 Extra"]
[Source "ChessBase"]
[SourceDate "2018.11.04"]
[SourceVersion "1"]
[SourceVersionDate "2018.11.04"]
[SourceQuality "1"]
[WhiteTeam "Austria"]
[BlackTeam "Baden Invest"]
[WhiteTeamCountry "AUT"]
[BlackTeamCountry "AUT"]

1. Nf3 Nf6 2. g3 g6 3. Bg2 Bg7 4. 0-0 0-0 5. c4 d5 6. cxd5 Nxd5 7. Nc3 Nb6 8. d3 Nc6 9. Bg5 h6 10. Bd2 e5 11. Rb1 Re8 12. b4 Nd4 13. a4 c6 14. b5 Kh7 15. Re1 Re7 16. a5 Nxf3+ 17. Bxf3 Nd5 18. a6 Nxc3 19. Bxc3 Qe8 20. Bb4 Re6 21. Qc2 Rb8 22. Rec1 e4 23. Bxe4 cxb5 24. Bc3 Bxc3 25. Qxc3 Rxa6 26. Qc7 Be6 27. Bxb7 Ra2 28. e3 Qd8 29. Qxd8 Rxd8 30. d4 Bc4 31. Bc6 a6 32. h4 1/2-1/2

[Event "AUT-chT2O 1819"]
[Site "Austria"]
[Date "2018.10.07"]
[Round "2.5"]
[White "Koller, David"]
[Black "Juenger, Heinz"]
[Result "1/2-1/2"]
[WhiteElo "1584"]
[BlackElo "2141"]
[PlyCount "138"]
[EventDate "2018.10.06"]
[EventType "team-tourn"]
[EventRounds "11"]
[EventCountry "AUT"]
[SourceTitle "CBM 186 Extra"]
[Source "ChessBase"]
[SourceDate "2018.08.24"]
[SourceVersion "1"]
[SourceVersionDate "2018.08.24"]
[SourceQuality "1"]
[WhiteTeam "Oberwart DeLaVie"]
[BlackTeam "Baden Invest"]
[WhiteTeamCountry "AUT"]
[BlackTeamCountry "AUT"]

1. e4 c5 2. Nc3 d6 3. f4 g6 4. Nf3 Bg7 5. Bc4 Nc6 6. 0-0 Nf6 7. d3 0-0 8. a3 Nd4 9. Nxd4 cxd4 10. Ne2 d5 11. exd5 Nxd5 12. Ng3 e6 13. Qf3 Nb6 14. Bb3 Qc7 15. Bd2 a5 16. Rac1 Bd7 17. c4 dxc3 18. Bxc3 Bxc3 19. Rxc3 Bc6 20. Qe3 Qd8 21. Ne4 a4 22. Bc4 Bd5 23. Qe2 Nxc4 24. dxc4 Bxe4 25. Qxe4 Qb6+ 26. Rf2 Rfd8 27. Kf1 Rd1+ 28. Ke2 Qxb2+ 29. Kxd1 Qxc3 30. Rd2 Rc8 31. Qxb7 Qxc4 32. Rd7 Qc2+ 33. Ke1 Qc1+ 34. Kf2 Rc2+ 35. Kg3 Qxa3+ 36. Kg4 h5+ 37. Kg5 Rc5+ 38. Kh6 Rf5 39. Rd8+ Qf8+ 40. Rxf8+ Kxf8 41. Qc8+ Ke7 42. Qc7+ Ke8 43. Kg7 g5 44. fxg5 Rxg5+ 45. Kh6 Rf5 46. Qc6+ Ke7 47. Qxa4 Rd5 48. Qf4 Rf5 49. Qb4+ Kf6 50. g4 hxg4 51. Qxg4 e5 52. h4 Rf4 53. Qg5+ Ke6 54. h5 f6 55. Qg8+ Kf5 56. Qc8+ Ke4 57. Kg6 Rh4 58. Qf5+ Kd5 59. h6 Kc4 60. h7 e4 61. Qc8+ Kd3 62. h8Q Rxh8 63. Qxh8 e3 64. Qd8+ Kc2 65. Qe7 Kd2 66. Qd6+ Ke1 67. Qg3+ Kd2 68. Qf4 Kd3 69. Qf1+ Kd2 1/2-1/2

[Event "Niederoesterreich Landesliga 1718"]
[Site "Austria"]
[Date "2018.03.04"]
[Round "9.3"]
[White "Juenger, Heinz"]
[Black "Seidler, Dieter"]
[Result "1-0"]
[WhiteElo "2111"]
[BlackElo "1936"]
[PlyCount "53"]
[EventDate "2017.10.01"]
[EventType "team-tourn"]
[EventRounds "11"]
[EventCountry "AUT"]
[SourceTitle "EXT 2019"]
[Source "ChessBase"]
[SourceDate "2018.10.10"]
[SourceVersion "1"]
[SourceVersionDate "2018.10.10"]
[SourceQuality "1"]
[WhiteTeam "Baden Invest II"]
[BlackTeam "Bisamberg/Korneuburg"]
[WhiteTeamCountry "AUT"]
[BlackTeamCountry "AUT"]

1. d4 e6 2. c4 d5 3. Nf3 Nf6 4. g3 c6 5. Bg2 Bd6 6. Nc3 0-0 7. Nd2 Nbd7 8. e4 Nxe4 9. Ndxe4 dxe4 10. Nxe4 Be7 11. 0-0 e5 12. d5 cxd5 13. cxd5 Re8 14. d6 Bf8 15. Bg5 Qa5 16. Rc1 Rb8 17. Rc7 h6 18. Bxh6 Re6 19. Bd2 Qb6 20. Qc2 Re8 21. Be3 Qa5 22. Bh3 Rd8 23. Bg5 f6 24. Qb3+ Kh8 25. Qf7 Bxd6 26. Qh5+ Kg8 27. Be6+ 1-0

[Event "AUT-chT2O 1516"]
[Site "Austria"]
[Date "2016.04.09"]
[Round "10.1"]
[White "Videki, Sandor"]
[Black "Juenger, Heinz"]
[Result "1-0"]
[WhiteElo "2400"]
[BlackElo "2123"]
[PlyCount "41"]
[EventDate "2015.10.17"]
[EventType "team-tourn"]
[EventRounds "11"]
[EventCountry "AUT"]
[SourceTitle "EXT 2017"]
[Source "ChessBase"]
[SourceDate "2016.10.25"]
[SourceVersion "1"]
[SourceVersionDate "2016.10.25"]
[SourceQuality "1"]
[WhiteTeam "Pressbaum"]
[BlackTeam "Baden Invest"]
[WhiteTeamCountry "AUT"]
[BlackTeamCountry "AUT"]

1. c4 c5 2. Nf3 Nc6 3. Nc3 Nf6 4. d4 cxd4 5. Nxd4 g6 6. e4 Bg7 7. Be3 Ng4 8. Qxg4 Nxd4 9. Qd1 Ne6 10. Rc1 Qa5 11. Qd2 g5 12. h4 h6 13. b3 Qe5 14. g3 g4 15. Bg2 d6 16. Nd5 Bd7 17. 0-0 h5 18. Rfd1 Bc6 19. Rc2 b6 20. Bf4 Qd4 21. Qc1 1-0

[Event "Niederoesterreich Landesliga 1516"]
[Site "Austria"]
[Date "2015.12.13"]
[Round "5.4"]
[White "Juenger, Heinz"]
[Black "Lampl, Gerald"]
[Result "1-0"]
[WhiteElo "2143"]
[BlackElo "2118"]
[PlyCount "48"]
[EventDate "2015.09.27"]
[EventType "team-tourn"]
[EventRounds "11"]
[EventCountry "AUT"]
[SourceTitle "CBM 170 Extra"]
[Source "ChessBase"]
[SourceDate "2016.02.25"]
[SourceVersion "1"]
[SourceVersionDate "2016.02.25"]
[SourceQuality "1"]
[WhiteTeam "Baden Invest II"]
[BlackTeam "Bad Voeslau/Kottingbrunn"]
[WhiteTeamCountry "AUT"]
[BlackTeamCountry "AUT"]

1. d4 Nf6 2. c4 e6 3. g3 Bb4+ 4. Bd2 Bxd2+ 5. Nxd2 c5 6. dxc5 a5 7. Bg2 Qc7 8. Ngf3 Qxc5 9. 0-0 0-0 10. Rc1 a4 11. Ne1 Nc6 12. Nd3 Qd4 13. c5 b5 14. Nf3 Qd5 15. a3 Rb8 16. Nfe5 Ne4 17. Nxc6 Qxc6 18. Nb4 Qa8 19. c6 d5 20. Bxe4 dxe4 21. Qd4 e5 22. Qxe4 Be6 23. Rfd1 Rbd8 24. Qxe5 Bc4 1-0

[Event "AUT-chT2O 1516"]
[Site "Austria"]
[Date "2015.11.28"]
[Round "3.1"]
[White "Maslik, Miroslav"]
[Black "Juenger, Heinz"]
[Result "1-0"]
[WhiteElo "2333"]
[BlackElo "2123"]
[PlyCount "61"]
[EventDate "2015.10.17"]
[EventType "team-tourn"]
[EventRounds "11"]
[EventCountry "AUT"]
[SourceTitle "EXT 2017"]
[Source "ChessBase"]
[SourceDate "2016.10.25"]
[SourceVersion "1"]
[SourceVersionDate "2016.10.25"]
[SourceQuality "1"]
[WhiteTeam "Pamhagen"]
[BlackTeam "Baden Invest"]
[WhiteTeamCountry "AUT"]
[BlackTeamCountry "AUT"]

1. d4 Nf6 2. Bg5 Ne4 3. Bf4 c5 4. f3 Qa5+ 5. c3 Nf6 6. d5 Qb6 7. e4 Qxb2 8. Nd2 Qxc3 9. Bc7 d6 10. Ne2 Qe3 11. Rb1 Nbd7 12. Nc4 Qh6 13. Qa4 g6 14. Nb6 Bg7 15. Nxa8 0-0 16. Ba5 Ne5 17. Qc2 Nxd5 18. Bd2 Qh4+ 19. Ng3 Be6 20. Qc1 h6 21. exd5 Bxd5 22. Nc7 Bxa2 23. Rxb7 f5 24. f4 Nc6 25. Bc4+ Bxc4 26. Qxc4+ Kh7 27. Ne6 Rf7 28. Ng5+ hxg5 29. Qxf7 Nd8 30. Qxe7 Nxb7 31. Bc3 1-0

[Event "Niederoesterreich Landesliga 1516"]
[Site "Austria"]
[Date "2015.11.22"]
[Round "4.3"]
[White "Juenger, Heinz"]
[Black "Mlynek, Petr"]
[Result "1-0"]
[WhiteElo "2143"]
[BlackElo "2197"]
[PlyCount "63"]
[EventDate "2015.09.27"]
[EventType "team-tourn"]
[EventRounds "11"]
[EventCountry "AUT"]
[SourceTitle "CBM 170 Extra"]
[Source "ChessBase"]
[SourceDate "2016.02.25"]
[SourceVersion "1"]
[SourceVersionDate "2016.02.25"]
[SourceQuality "1"]
[WhiteTeam "Baden Invest II"]
[BlackTeam "Zwettl"]
[WhiteTeamCountry "AUT"]
[BlackTeamCountry "AUT"]

1. e4 c6 2. d4 d5 3. Nc3 dxe4 4. Nxe4 Nd7 5. Ng5 Ngf6 6. Bd3 e6 7. N1f3 Bd6 8. Qe2 h6 9. Ne4 Nxe4 10. Qxe4 Nf6 11. Qe2 Qc7 12. Bd2 b6 13. Ne5 Bb7 14. f4 0-0-0 15. 0-0 c5 16. a4 a5 17. Nc4 cxd4 18. Nxd6+ Qxd6 19. b4 axb4 20. a5 bxa5 21. Rxa5 Kc7 22. Qe5 Qxe5 23. fxe5 Nd5 24. Rxf7+ Rd7 25. Rc5+ Bc6 26. Rxd7+ Kxd7 27. Rc4 Bb5 28. Rxd4 Bxd3 29. Rxd3 Rc8 30. Bxb4 Rxc2 31. Bf8 Rxg2+ 32. Kxg2 1-0

[Event "AUT-chT2O 1415"]
[Site "Austria"]
[Date "2015.01.25"]
[Round "7.2"]
[White "Juenger, Heinz"]
[Black "Wiedner, Robert"]
[Result "0-1"]
[WhiteElo "2110"]
[BlackElo "2183"]
[PlyCount "78"]
[EventDate "2014.10.18"]
[EventType "team-tourn"]
[EventRounds "11"]
[EventCountry "AUT"]
[SourceTitle "EXT 2016"]
[Source "ChessBase"]
[SourceDate "2015.10.08"]
[SourceVersion "1"]
[SourceVersionDate "2015.10.08"]
[SourceQuality "1"]
[WhiteTeam "Baden Invest"]
[BlackTeam "Mattersburg"]
[WhiteTeamCountry "AUT"]
[BlackTeamCountry "AUT"]

1. d4 Nf6 2. c4 e6 3. g3 Ne4 4. Bg2 Bb4+ 5. Nd2 Nxd2 6. Bxd2 Bxd2+ 7. Qxd2 Qe7 8. Nf3 d6 9. Qc3 Nd7 10. 0-0 0-0 11. b4 Re8 12. e4 e5 13. d5 b6 14. Ne1 a5 15. a3 Rf8 16. Nd3 f5 17. exf5 Rxf5 18. Rae1 Qg5 19. f4 exf4 20. gxf4 Qd8 21. Re3 axb4 22. axb4 Nf6 23. Rfe1 Bd7 24. Re7 Rh5 25. Nf2 Rh6 26. Kh1 Ra2 27. R7e2 Qa8 28. Kg1 Rg6 29. Kh1 c5 30. bxc5 bxc5 31. Ne4 Rxe2 32. Rxe2 Qa4 33. Nxd6 Ng4 34. Ne4 Bf5 35. Nxc5 Qa7 36. Qd4 h5 37. Be4 Bxe4+ 38. Rxe4 Qa2 39. Qg1 Nf2+ 0-1